Книжный магазинчик у озера: роман

Bibliografiset tiedot
Päätekijä: Колган Дж. Дженни
Muut tekijät: Голубева Т. Татьяна (переводчик)
Yhteenveto:Мать-одиночка Зои едва сводит концы с концами в Лондоне. Отчаянно мечтая начать новую жизнь, она откликается на двойное предложение о найме: в Шотландии троим оставшимся без матери детям требуется няня, а хозяйке разъездной книжной лавки нужна помощница. "...Немножко работы по присмотру за детьми, немножко работы в книжном фургоне... а основную часть времени она будет свободна". Оказавшись в огромном, старом и довольно запущенном доме на берегу знаменитого озера Лох-Несс, Зои чувствует растерянность, к тому же задача ей предстоит нелегкая: обуздать дерзких сорванцов, которые привыкли своевольничать. Зои храбро сражается с трудностями, но кто знает, как повернулась бы ее здешняя жизнь, если бы не любовь к книгам...
Kieli:venäjä
Julkaistu: Москва, Иностранка, 2021
Aiheet:
Aineistotyyppi: Kirja
KOHA link:https://koha.lib.tpu.ru/cgi-bin/koha/opac-detail.pl?biblionumber=379583

MARC

LEADER 00000nam0a2200000 4500
001 379583
005 20240129141526.0
010 |a 978-5-389-18576-0 
035 |a (RuTPU)RU\TPU\retro\37050 
090 |a 379583 
100 |a 20231019d2020 m||y0rusy50 ca 
101 1 |a rus  |c eng 
102 |a RU 
105 |a y z 000ay 
181 0 |a i   |b  e  
182 0 |a n 
183 0 |a nc  |2 RDAcarrier 
200 1 |a Книжный магазинчик у озера  |e роман  |f Дженни Колган  |g пер. с англ. Т. Голубевой 
203 |a Текст  |b визуальный  |c непосредственный 
210 |a Москва  |c Иностранка  |c Азбука-Аттикус  |d 2021 
215 |a 510 с. 
283 |a volume  |2 RDAcarrier 
330 |a Мать-одиночка Зои едва сводит концы с концами в Лондоне. Отчаянно мечтая начать новую жизнь, она откликается на двойное предложение о найме: в Шотландии троим оставшимся без матери детям требуется няня, а хозяйке разъездной книжной лавки нужна помощница. "...Немножко работы по присмотру за детьми, немножко работы в книжном фургоне... а основную часть времени она будет свободна". Оказавшись в огромном, старом и довольно запущенном доме на берегу знаменитого озера Лох-Несс, Зои чувствует растерянность, к тому же задача ей предстоит нелегкая: обуздать дерзких сорванцов, которые привыкли своевольничать. Зои храбро сражается с трудностями, но кто знает, как повернулась бы ее здешняя жизнь, если бы не любовь к книгам...  
606 1 |a Английская литература  |9 52454 
610 1 |a художественная литература 
610 1 |a романы 
610 1 |a современная проза 
610 1 |a повседневность 
675 |a 82  |v 4  |z rus 
700 1 |a Колган  |b Дж.  |g Дженни 
702 1 |4 730  |a Голубева  |b Т.  |g Татьяна 
801 1 |a RU  |b 63413507  |c 20231019 
942 |c BK